[Event "Salou op U2300 3rd"]
[Site "Salou"]
[Date "2018.04.30"]
[Round "5"]
[White "Cots Valls, Jordi"]
[Black "Catala Ulied, Carles"]
[Result "1-0"]
[WhiteElo "1742"]
[BlackElo "1422"]
[PlyCount "85"]
[EventDate "2018.04.28"]
[EventType "swiss"]
[EventRounds "7"]
[EventCountry "ESP"]
[SourceTitle "CBM 184 Extra"]
[Source "ChessBase"]
[SourceDate "2018.06.28"]
[SourceVersion "1"]
[SourceVersionDate "2018.06.28"]
[SourceQuality "1"]

1. d4 d5 2. Bf4 Bf5 3. e3 e6 4. h3 Be7 5. Nf3 Nc6 6. Bd3 Bxd3 7. cxd3 Nf6 8. Nc3 0-0 9. 0-0 Qd7 10. Rc1 Rac8 11. a3 h6 12. Ne5 Nxe5 13. dxe5 Nh7 14. d4 c5 15. Bh2 c4 16. b4 b5 17. f4 a6 18. e4 Qc6 19. exd5 exd5 20. Qf3 Rcd8 21. g4 Qd7 22. Bg3 Qc6 23. Kg2 Rd7 24. h4 g6 25. f5 Bd8 26. f6 Qe6 27. Bf4 h5 28. gxh5 Kh8 29. Bh6 Re8 30. Bg7+ Kg8 31. Kh2 Qf5 32. Qxf5 gxf5 33. Rxf5 Bc7 34. Kh3 Rdd8 35. Rg1 Bb6 36. Rf4 Rc8 37. Rfg4 a5 38. Nxd5 Bd8 39. Bh6+ Kh8 40. Rg7 c3 41. Rxf7 c2 42. Bc1 Rc4 43. Rgg7 1-0

[Event "Foment Martinenc op-C 18th"]
[Site "Barcelona"]
[Date "2016.05.21"]
[Round "5"]
[White "Catala Ulied, Carles"]
[Black "Ventura Codinas, Joan"]
[Result "1-0"]
[WhiteElo "1674"]
[BlackElo "1551"]
[PlyCount "113"]
[EventDate "2016.04.23"]
[EventType "swiss"]
[EventRounds "9"]
[EventCountry "ESP"]
[SourceTitle "EXT 2017"]
[Source "ChessBase"]
[SourceDate "2016.10.25"]
[SourceVersion "1"]
[SourceVersionDate "2016.10.25"]
[SourceQuality "1"]

1. e4 c5 2. Nf3 Nc6 3. d4 cxd4 4. Nxd4 Nf6 5. Nc3 e5 6. Nxc6 bxc6 7. Be2 Bb4 8. Bg5 Bb7 9. 0-0 d5 10. exd5 cxd5 11. Bb5+ Kf8 12. f4 Qb6+ 13. Kh1 Bxc3 14. bxc3 Qxb5 15. fxe5 Ne4 16. Bh4 Qd7 17. Qh5 Bc8 18. Rf4 Qc7 19. Raf1 Be6 20. c4 Re8 21. cxd5 Bxd5 22. e6 f6 23. c4 Bxc4 24. Rxe4 Bxf1 25. Kg1 Bd3 26. Rd4 Bg6 27. Qd5 Rd8 28. Qxd8+ Qxd8 29. Rxd8+ Be8 30. Ra8 g5 31. Bf2 Ke7 32. Rxa7+ Kxe6 33. Ra8 h5 34. Bd4 Rf8 35. Bc5 Rg8 36. Ra6+ Kf7 37. a4 Bd7 38. Ra7 Ke6 39. a5 Bb5 40. Rh7 h4 41. Re7+ Kd5 42. Ba7 g4 43. g3 h3 44. Rf7 Ke6 45. Rb7 Bc6 46. Rb6 Kd5 47. Rb3 Kc4 48. Rb1 Ra8 49. Bb6 Kd3 50. Ra1 Re8 51. Rd1+ Ke2 52. Rd6 Kf3 53. Rd3+ Ke2 54. Rc3 Rc8 55. a6 Kd2 56. Rc5 Ke3 57. a7 1-0

[Event "Foment Martinenc op-C 18th"]
[Site "Barcelona"]
[Date "2016.05.14"]
[Round "4"]
[White "De Blois Afanasiyadi, Alexander"]
[Black "Catala Ulied, Carles"]
[Result "0-1"]
[WhiteElo "1582"]
[BlackElo "1674"]
[PlyCount "56"]
[EventDate "2016.04.23"]
[EventType "swiss"]
[EventRounds "9"]
[EventCountry "ESP"]
[SourceTitle "EXT 2017"]
[Source "ChessBase"]
[SourceDate "2016.10.25"]
[SourceVersion "1"]
[SourceVersionDate "2016.10.25"]
[SourceQuality "1"]

1. e4 c5 2. f4 d6 3. Nf3 g6 4. Nc3 Bg7 5. Bc4 e6 6. 0-0 Ne7 7. d3 0-0 8. Be3 Nbc6 9. d4 b6 10. d5 Nd4 11. Bxd4 cxd4 12. Nxd4 Bb7 13. dxe6 f6 14. f5 Bxe4 15. Nxe4 d5 16. Bxd5 Qxd5 17. Nc3 Qc4 18. b3 Qxc3 19. Rf3 Qc5 20. Kh1 Rad8 21. c3 gxf5 22. b4 Qc4 23. Rh3 Rd6 24. Qh5 h6 25. Nxf5 Nxf5 26. Qxf5 Qe2 27. Qg6 Rd1+ 28. Rxd1 Qxd1# 0-1

[Event "Foment Martinenc op-C 17th"]
[Site "Barcelona"]
[Date "2015.06.06"]
[Round "7"]
[White "Catala Ulied, Carles"]
[Black "Lavignole Fernandez, Pol"]
[Result "1-0"]
[WhiteElo "1715"]
[BlackElo "1722"]
[PlyCount "119"]
[EventDate "2015.04.25"]
[EventType "swiss"]
[EventRounds "9"]
[EventCountry "ESP"]
[SourceTitle "EXT 2017"]
[Source "ChessBase"]
[SourceDate "2016.10.25"]
[SourceVersion "1"]
[SourceVersionDate "2016.10.25"]
[SourceQuality "1"]

1. e4 e5 2. Nf3 Nc6 3. Bc4 Bc5 4. 0-0 Nf6 5. Nc3 0-0 6. d3 d6 7. h3 Be6 8. Bb3 Qd7 9. Bg5 Nh5 10. Nh4 Rfe8 11. Qxh5 h6 12. Bxe6 Qxe6 13. Bf6 Qxf6 14. Nd5 Qg5 15. Qxg5 hxg5 16. Nf5 g6 17. Nf6+ Kh8 18. Nxe8 gxf5 19. Nf6 Kg7 20. Nh5+ Kg6 21. Ng3 f4 22. Nf5 Bd4 23. Kh2 Bxb2 24. Rab1 Bd4 25. Rxb7 Nd8 26. Rxc7 Ne6 27. Rd7 Bc5 28. Nxd6 Rh8 29. Nxf7 Rh7 30. Nxe5+ Kf6 31. Rxh7 Kxe5 32. Rb1 Bxf2 33. Rb5+ Kd4 34. Rxa7 Kc3 35. Re7 Nd4 36. a4 Bg3+ 37. Kh1 f3 38. Rc5+ Kb4 39. Rc8 Ne2 40. gxf3 Kxa4 41. Rb7 Be1 42. e5 Nd4 43. Rc4+ Ka3 44. Rxd4 Ba5 45. Ra7 Kb2 46. Rxa5 Kxc2 47. Rc5+ Kd2 48. f4 gxf4 49. Rxf4 Kxd3 50. Rd5+ Ke3 51. Rh4 Kf3 52. e6 Kg3 53. Rh6 Kf4 54. e7 Ke4 55. Ra5 Kd4 56. Ra7 Ke4 57. e8Q+ Kf4 58. Rf6+ Kg3 59. Qg8+ Kh4 60. Rh6# 1-0

[Event "Foment Martinenc op-C 17th"]
[Site "Barcelona"]
[Date "2015.05.23"]
[Round "5"]
[White "Catala Ulied, Carles"]
[Black "Carre Rodriguez, Rafael"]
[Result "0-1"]
[WhiteElo "1715"]
[BlackElo "1820"]
[PlyCount "50"]
[EventDate "2015.04.25"]
[EventType "swiss"]
[EventRounds "9"]
[EventCountry "ESP"]
[SourceTitle "EXT 2017"]
[Source "ChessBase"]
[SourceDate "2016.10.25"]
[SourceVersion "1"]
[SourceVersionDate "2016.10.25"]
[SourceQuality "1"]

1. e4 c5 2. Nf3 d6 3. d4 cxd4 4. Nxd4 Nf6 5. Nc3 a6 6. Bc4 g6 7. f3 Bg7 8. Be3 Qb6 9. Qd2 Qxb2 10. Rb1 Qa3 11. Nb3 b5 12. Bd5 Nxd5 13. Qxd5 Bxc3+ 14. Bd2 Bxd2+ 15. Nxd2 Qe3+ 16. Kd1 Qa7 17. Rb3 Be6 18. Qxa8 Qxa8 19. Rb4 0-0 20. Ke2 Nc6 21. Rb2 Rc8 22. Rhb1 Nd4+ 23. Kd1 Qa7 24. c3 Rxc3 25. a4 Qc5 0-1

[Event "Foment Martinenc op-C 16th"]
[Site "Barcelona"]
[Date "2014.06.07"]
[Round "7"]
[White "Izquierdo Pujol, Mar"]
[Black "Catala Ulied, Carles"]
[Result "0-1"]
[WhiteElo "1700"]
[BlackElo "1700"]
[PlyCount "34"]
[EventDate "2014.04.26"]
[EventType "swiss"]
[EventRounds "9"]
[EventCountry "ESP"]
[SourceTitle "EXT 2015"]
[Source "ChessBase"]
[SourceDate "2014.11.20"]
[SourceVersion "1"]
[SourceVersionDate "2014.11.20"]
[SourceQuality "1"]

1. e4 e5 2. Nc3 Nc6 3. f4 exf4 4. Bc4 Nf6 5. d3 Bc5 6. Nge2 g5 7. g3 Nh5 8. d4 Bb4 9. Bd2 d6 10. gxf4 gxf4 11. Nxf4 Nxf4 12. Bxf4 Qe7 13. Rg1 Qxe4+ 14. Kd2 Qxf4+ 15. Ke2 Nxd4+ 16. Kd3 Bf5+ 17. Ne4 Qxe4# 0-1

[Event "Foment Martinenc op-C 16th"]
[Site "Barcelona"]
[Date "2014.05.17"]
[Round "4"]
[White "Orts Gonzalez, Rafael"]
[Black "Catala Ulied, Carles"]
[Result "1-0"]
[WhiteElo "1700"]
[BlackElo "1700"]
[PlyCount "125"]
[EventDate "2014.04.26"]
[EventType "swiss"]
[EventRounds "9"]
[EventCountry "ESP"]
[SourceTitle "EXT 2015"]
[Source "ChessBase"]
[SourceDate "2014.11.20"]
[SourceVersion "1"]
[SourceVersionDate "2014.11.20"]
[SourceQuality "1"]

1. d4 d5 2. e3 g6 3. b3 Bg7 4. Nd2 Nf6 5. Bb2 Nbd7 6. Qe2 b6 7. c4 e6 8. c5 bxc5 9. Qb5 cxd4 10. Bxd4 0-0 11. Rc1 Ne4 12. Qc6 Rb8 13. Nxe4 dxe4 14. Qxe4 Bb7 15. Qc2 Bxd4 16. exd4 e5 17. Ne2 exd4 18. Nxd4 Re8+ 19. Ne2 Qg5 20. f3 Ba6 21. Rd1 Re7 22. Rd2 Rbe8 23. Kd1 Bxe2+ 24. Bxe2 Rxe2 25. Rxe2 Rd8 26. Rhe1 c5 27. Re8+ Rxe8 28. Rxe8+ Kg7 29. Qc3+ Kh6 30. Qd2 Qxd2+ 31. Kxd2 Nb6 32. Re7 Kg7 33. Rxa7 c4 34. bxc4 Nxc4+ 35. Ke2 Ne5 36. g4 g5 37. Ra3 f6 38. Ra7+ Kg6 39. Ke3 Nc4+ 40. Ke4 f5+ 41. gxf5+ Kf6 42. Ra6+ Kf7 43. Kd5 Ne3+ 44. Ke5 Nc4+ 45. Kd4 g4 46. Kxc4 gxf3 47. Ra3 f2 48. Rf3 f1Q+ 49. Rxf1 Kf6 50. Kd5 h5 51. h4 Ke7 52. f6+ Kf7 53. a4 Kg6 54. Ke5 Kh6 55. Rg1 Kh7 56. Rg5 Kh6 57. Kf5 Kh7 58. f7 Kh8 59. Rxh5+ Kg7 60. Ke6 Kg6 61. Rg5+ Kh6 62. f8Q+ Kh7 63. Qg7# 1-0